[Event "ICS rated bullet match"]
[Site "204.178.125.65"]
[Date "2001.07.21"]
[Round "?"]
[White "QueenMaxima"]
[Black "Hossa"]
[Result "0-1"]
[WhiteElo "2514"]
[BlackElo "2587"]
[PlyCount "106"]
[EventDate "2001.??.??"]

1. d4 e6 2. c4 Nf6 3. Nc3 Be7 4. Nf3 O-O 5. Bd2 c5 6. d5 d6 7. e4 exd5 8. cxd5
Bg4 9. h3 Bd7 10. Be2 b5 11. a3 b4 12. axb4 cxb4 13. Nb5 Nxe4 14. Bxb4 Bxb5 15.
Bxb5 Qb6 16. Qe2 Qb7 17. Qxe4 Qxb5 18. Ra5 Qd7 19. O-O Bd8 20. Ra2 Re8 21. Qg4
Qxg4 22. hxg4 Nd7 23. Bxd6 Nf6 24. Be5 Nxd5 25. Rd1 Nb4 26. Raa1 Nc6 27. Bd6
Bf6 28. Rdc1 Bxb2 29. Rxc6 Bxa1 30. Bc5 a5 31. Ba3 Rec8 32. Rd6 Rc3 33. Rd7
Rxa3 34. Ng5 Bf6 35. Ne4 Be5 36. g3 Ra4 37. f3 Rc4 38. Kf2 a4 39. Ke3 a3 40.
Rd1 a2 41. Nd2 Ra3+ 42. Ke2 Rc2 43. g5 Bc3 44. Ra1 Rxd2+ 45. Ke1 Rd3+ 46. Kf1
Rxf3+ 47. Kg1 Rxg3+ 48. Kf1 Bxa1 49. g6 Raf3+ 50. Ke2 Bd4 51. gxf7+ Kxf7 52.
Ke1 a1=Q+ 53. Kd2 Rf2# {QueenMaxima checkmated} 0-1

[Event "ICS rated bullet match"]
[Site "204.178.125.65"]
[Date "2001.07.21"]
[Round "?"]
[White "Hossa"]
[Black "QueenMaxima"]
[Result "1-0"]
[WhiteElo "2600"]
[BlackElo "2501"]
[PlyCount "119"]
[EventDate "2001.??.??"]

1. d4 d5 2. c4 c6 3. Nc3 Nf6 4. e3 e6 5. Nf3 Nbd7 6. Qc2 Bd6 7. Bd3 O-O 8. O-O
dxc4 9. Bxc4 Qe7 10. e4 e5 11. Be3 exd4 12. Bxd4 Nb6 13. Bd3 c5 14. Bxf6 Qxf6
15. e5 Bxe5 16. Bxh7+ Kh8 17. Ne4 Qe7 18. Rfe1 Bd4 19. Ng3 Be6 20. Nh5 Rfe8 21.
Nxd4 cxd4 22. Nf4 Rac8 23. Qd3 Qb4 24. Nxe6 Rxe6 25. Rxe6 fxe6 26. Bg6 e5 27.
Qh3+ Kg8 28. Bh7+ Kf8 29. Qf5+ Ke7 30. Qxe5+ Kf7 31. Qh5+ Ke7 32. Qg5+ Kf8 33.
Qf5+ Ke7 34. Qe4+ Kd8 35. Rd1 Qxb2 36. Rxd4+ Nd7 37. Qh4+ Kc7 38. Qf4+ Kc6 39.
Qd6+ Kb5 40. Bd3+ Ka5 41. Rd5+ Nc5 42. Rxc5+ Rxc5 43. Qxc5+ b5 44. Qxa7+ Kb4
45. Bxb5 Qa1+ 46. Bf1 Qf6 47. Qb8+ Kc3 48. Qc7+ Kd2 49. a4 g6 50. a5 g5 51. a6
Qf5 52. a7 Qd5 53. Qc8 Qa5 54. a8=Q Qxa8 55. Qxa8 g4 56. Qc8 g3 57. hxg3 Kd1
58. Bd3 Kd2 59. Qc2+ Ke1 60. Qe2# {QueenMaxima checkmated} 1-0

[Event "ICS rated bullet match"]
[Site "204.178.125.65"]
[Date "2001.07.21"]
[Round "?"]
[White "QueenMaxima"]
[Black "Hossa"]
[Result "1-0"]
[WhiteElo "2489"]
[BlackElo "2612"]
[PlyCount "101"]
[EventDate "2001.??.??"]

1. d4 e6 2. e4 d5 3. Nc3 Nc6 4. Nf3 dxe4 5. Nxe4 Qd5 6. Nc3 Bb4 7. Bd2 Bxc3 8.
Bxc3 Nf6 9. Bd3 Ne4 10. O-O Nxc3 11. bxc3 O-O 12. c4 Qh5 13. Be4 Na5 14. c5 Qg4
15. Qe1 Nc4 16. Rb1 a6 17. Bxb7 Bxb7 18. Rxb7 Rfc8 19. Rb3 Rab8 20. Qe2 Nb2 21.
Rb1 Rxb3 22. axb3 Ra8 23. Rxb2 Qf4 24. Ra2 c6 25. b4 Qc1+ 26. Qf1 Qf4 27. Ra1
f6 28. Qc4 Kf7 29. Kf1 g5 30. Qd3 Qf5 31. Qxf5 exf5 32. c4 g4 33. Nh4 f4 34.
Nf5 Ke6 35. Nd6 Kd7 36. b5 g3 37. hxg3 a5 38. gxf4 a4 39. d5 cxd5 40. cxd5 Ra5
41. Ra3 Ra7 42. Rh3 Kd8 43. b6 Rd7 44. Re3 Rxd6 45. cxd6 Kc8 46. Re8+ Kd7 47.
Rd8+ Kxd8 48. b7 Kd7 49. b8=Q h6 50. Qc7+ Ke8 51. Qe7# {Hossa checkmated} 1-0

[Event "ICS rated blitz match"]
[Site "204.178.125.65"]
[Date "2001.07.21"]
[Round "?"]
[White "Hossa"]
[Black "rbnn"]
[Result "1-0"]
[WhiteElo "2597"]
[BlackElo "2068"]
[PlyCount "117"]
[EventDate "2001.??.??"]

1. d4 Nf6 2. c4 g6 3. Nc3 Bg7 4. Nf3 d6 5. e4 O-O 6. Be2 e5 7. dxe5 dxe5 8. Bg5
c6 9. Qxd8 Rxd8 10. O-O h6 11. Rfd1 Re8 12. Bh4 Nbd7 13. Nd2 Bf8 14. Bg3 Nc5
15. Rab1 Bg4 16. f3 Bd7 17. b4 Na6 18. a3 Nc7 19. Nb3 b6 20. Rd2 Bc8 21. Bf2
Be6 22. Rbd1 Nh5 23. Bf1 f6 24. Be3 g5 25. Nc1 Be7 26. Nd5 Nxd5 27. cxd5 Bd7
28. d6 Bf8 29. Bc4+ Kh7 30. Bf7 Nf4 31. Bxe8 Rxe8 32. Bxf4 gxf4 33. Rc2 Re6 34.
Nb3 h5 35. Rcd2 Kg7 36. Kf2 Kf7 37. Rd3 Re8 38. Nd2 Re6 39. Nc4 Re8 40. Rc1 Re6
41. Ke2 Re8 42. a4 Re6 43. Ra1 Re8 44. Kd2 Rb8 45. Kc3 Bh6 46. h4 Rg8 47. Rd2
Rb8 48. Rh1 Rg8 49. a5 b5 50. Nb2 f5 51. exf5 Rd8 52. Nd3 Bg7 53. Kb3 Bxf5 54.
Nc5 Bf8 55. Nb7 Rd7 56. a6 e4 57. fxe4 Bxe4 58. Nc5 Bxg2 59. Nxd7 {rbnn resigns
} 1-0

[Event "ICS rated blitz match"]
[Site "204.178.125.65"]
[Date "2001.07.21"]
[Round "?"]
[White "Amateur"]
[Black "Hossa"]
[Result "1-0"]
[WhiteElo "2572"]
[BlackElo "2598"]
[PlyCount "121"]
[EventDate "2001.??.??"]

1. c4 c6 2. b3 d5 3. Bb2 Bf5 4. cxd5 cxd5 5. Nc3 d4 6. Nb5 Nc6 7. e3 d3 8. Rc1
e6 9. Nf3 a6 10. Nbd4 Nxd4 11. Nxd4 Be4 12. Rc3 Nf6 13. f3 Bg6 14. Bxd3 Nd5 15.
Bxg6 Nxc3 16. Bxf7+ Kxf7 17. Bxc3 Qh4+ 18. g3 Qh5 19. Qb1 Qg6 20. Qxg6+ hxg6
21. f4 Be7 22. Nf3 Bf6 23. Ne5+ Bxe5 24. Bxe5 Rac8 25. Ke2 Rh3 26. Bd4 g5 27.
fxg5 Kg6 28. Kf3 Rf8+ 29. Kg2 Rfh8 30. Bc3 R8h7 31. Be5 Rh8 32. d4 R3h7 33. h4
Rc8 34. Kf3 Kh5 35. g4+ Kg6 36. Bf4 Kf7 37. h5 Ke7 38. Be5 Kf8 39. Ke4 Kg8 40.
g6 Rh8 41. g5 Kf8 42. h6 Ke7 43. Bxg7 Rhf8 44. h7 Rf5 45. Bf6+ Rxf6 46. g7 Rff8
47. gxf8=Q+ Rxf8 48. g6 Kf6 49. Rf1+ Kxg6 50. Rxf8 Kxh7 51. Ke5 Kg7 52. Rf6 a5
53. Kxe6 b6 54. e4 b5 55. d5 a4 56. b4 Kg8 57. d6 Kg7 58. d7 Kh7 59. d8=Q Kg7
60. Qe7+ Kg8 61. Rf8# {Hossa checkmated} 1-0

[Event "ICS rated blitz match"]
[Site "204.178.125.65"]
[Date "2001.07.21"]
[Round "?"]
[White "Hossa"]
[Black "parnenzinij"]
[Result "1-0"]
[WhiteElo "2581"]
[BlackElo "2144"]
[PlyCount "31"]
[EventDate "2001.??.??"]

1. d4 Nf6 2. c4 c5 3. d5 b5 4. cxb5 a6 5. bxa6 Bxa6 6. Nc3 d6 7. g3 g6 8. Nf3
Bg7 9. Bg2 O-O 10. O-O Nbd7 11. Bf4 Nb6 12. Ng5 Qe8 13. Re1 Bb7 14. e4 Nfd7 15.
Bf1 Na4 16. Nxa4 {parnenzinij resigns} 1-0

[Event "ICS rated standard match"]
[Site "204.178.125.65"]
[Date "2001.07.21"]
[Round "?"]
[White "IronMaiden"]
[Black "Hossa"]
[Result "0-1"]
[WhiteElo "2213"]
[BlackElo "2302"]
[PlyCount "44"]
[EventDate "2001.??.??"]

1. d4 Nf6 2. Nf3 e6 3. Bf4 c5 4. c3 cxd4 5. cxd4 Bb4+ 6. Bd2 Nc6 7. e3 O-O 8.
Bd3 d6 9. a3 Bxd2+ 10. Qxd2 e5 11. Be2 e4 12. Ng1 Be6 13. Nc3 Na5 14. Rb1 Nb3
15. Qd1 Qb6 16. h4 Nd5 17. Nxd5 Bxd5 18. f4 exf3 19. Nxf3 Rae8 20. Kf2 Re7 21.
Nd2 Rxe3 22. Kxe3 Qxd4# {IronMaiden checkmated} 0-1

[Event "ICS rated standard match"]
[Site "204.178.125.65"]
[Date "2001.07.21"]
[Round "?"]
[White "Hossa"]
[Black "IronMaiden"]
[Result "1-0"]
[WhiteElo "2314"]
[BlackElo "2201"]
[PlyCount "56"]
[EventDate "2001.??.??"]

1. d4 e6 2. e4 d5 3. Nc3 Bb4 4. exd5 exd5 5. Bd3 Ne7 6. Nf3 Bg4 7. a3 Bxc3+ 8.
bxc3 Nd7 9. O-O h6 10. h3 Bh5 11. Rb1 b6 12. Re1 O-O 13. Bf4 c6 14. g4 Bg6 15.
Ba6 Re8 16. Bb7 Rb8 17. Bxb8 Qxb8 18. Ba6 h5 19. Nh4 hxg4 20. Nxg6 Nxg6 21.
Rxe8+ Qxe8 22. Qxg4 b5 23. Bb7 Nf6 24. Qc8 Qxc8 25. Bxc8 Nf4 26. f3 Ne2+ 27.
Kf2 Nxc3 28. Rb3 Na4 {IronMaiden resigns} 1-0

[Event "ICS rated blitz match"]
[Site "204.178.125.65"]
[Date "2001.07.21"]
[Round "?"]
[White "PostModernist"]
[Black "Hossa"]
[Result "1-0"]
[WhiteElo "2771"]
[BlackElo "2583"]
[PlyCount "84"]
[EventDate "2001.??.??"]

1. c4 e5 2. g3 Nf6 3. Bg2 d5 4. cxd5 Nxd5 5. Nc3 Nxc3 6. bxc3 Bc5 7. e3 O-O 8.
d4 exd4 9. cxd4 Bd6 10. Ne2 Nc6 11. O-O Bg4 12. h3 Bd7 13. e4 Qc8 14. g4 Re8
15. e5 Bf8 16. Be3 h5 17. f3 Be6 18. Nf4 Bc4 19. Rf2 h4 20. Qc2 b5 21. a4 Nb4
22. Qc3 c6 23. Rb2 a5 24. Qd2 bxa4 25. Bf2 a3 26. Rxa3 Be7 27. Rb1 Bb5 28. Rab3
Bg5 29. Be3 Qd7 30. Ra3 Be7 31. Bf2 Red8 32. Qc3 g5 33. Nh5 Nd5 34. Qd2 a4 35.
Raa1 a3 36. f4 gxf4 37. Bxd5 Qxd5 38. Qxf4 a2 39. Qh6 Qxe5 40. dxe5 axb1=Q+ 41.
Rxb1 Rd1+ 42. Rxd1 Ra2 {Hossa resigns} 1-0

[Event "ICS rated blitz match"]
[Site "204.178.125.65"]
[Date "2001.07.21"]
[Round "?"]
[White "Hossa"]
[Black "PostModernist"]
[Result "0-1"]
[WhiteElo "2575"]
[BlackElo "2779"]
[PlyCount "93"]
[EventDate "2001.??.??"]

1. d4 d5 2. c4 Bf5 3. Qb3 e5 4. Qxb7 Nd7 5. dxe5 d4 6. Nd2 Bc2 7. g3 Nxe5 8.
Bg2 Rb8 9. Qxa7 Bb4 10. a3 Be7 11. Bd5 c5 12. Ndf3 Ng4 13. h3 N4f6 14. Bc6+ Kf8
15. b4 Be4 16. Bxe4 Nxe4 17. Ne5 Rc8 18. b5 Ra8 19. Qb7 Nd6 20. Qf3 Nf6 21. a4
Nde4 22. Nc6 Qd7 23. a5 Qe6 24. Qd3 Nd6 25. Nxe7 Kxe7 26. Ra4 Nd7 27. Qc2 d3
28. Qa2 Ne4 29. Qb3 Rhd8 30. Ra2 Ne5 31. a6 dxe2 32. Nxe2 Nd3+ 33. Kf1 Nexf2
34. Rh2 Qf5 35. Kg2 Ne1+ 36. Kf1 Nfd3+ 37. Nf4 Nxc1 38. Qe3+ Kf8 39. Qxc1 Nd3
40. Qa1 Rd4 41. Kg1 Nxf4 42. gxf4 Rad8 43. Qb2 Rd1+ 44. Kg2 Qg6+ 45. Kf2 Qg1+
46. Kf3 R8d3+ 47. Ke4 {Hossa resigns} 0-1

[Event "ICS rated standard match"]
[Site "204.178.125.65"]
[Date "2001.07.21"]
[Round "?"]
[White "Hossa"]
[Black "IronMaiden"]
[Result "1-0"]
[WhiteElo "2335"]
[BlackElo "2180"]
[PlyCount "47"]
[EventDate "2001.??.??"]

1. c4 e5 2. g3 g6 3. d4 e4 4. Nc3 f5 5. g4 Nf6 6. gxf5 gxf5 7. Bf4 Bg7 8. Qd2
O-O 9. Nh3 Kh8 10. Rg1 d6 11. O-O-O Be6 12. e3 Nbd7 13. Bg5 Bg8 14. Qc2 Qe8 15.
Nf4 c6 16. Be2 a6 17. Kb1 b5 18. d5 bxc4 19. dxc6 Ne5 20. Rxd6 Nd3 21. Bxf6
Bxf6 22. Ncd5 Be5 23. Rh6 Nxf4 24. Nxf4 {IronMaiden resigns} 1-0

[Event "ICS rated standard match"]
[Site "204.178.125.65"]
[Date "2001.07.21"]
[Round "?"]
[White "Tiger14"]
[Black "Hossa"]
[Result "1-0"]
[WhiteElo "2319"]
[BlackElo "2344"]
[PlyCount "90"]
[EventDate "2001.??.??"]

1. e4 e5 2. Nf3 Qf6 3. Nc3 d6 4. d4 exd4 5. Bg5 Qg6 6. Qxd4 f6 7. Nd5 Nc6 8.
Qa4 Kd8 9. Be3 f5 10. Nh4 Qf7 11. Bc4 Qe8 12. Nxf5 Qxe4 13. Ng3 Qh4 14. O-O-O
Bd7 15. Qb5 Kc8 16. Nxc7 Kxc7 17. Bg5 Ne5 18. Bxh4 Bxb5 19. Bxb5 a6 20. Ba4 Be7
21. Bxe7 Nxe7 22. Bb3 Rhe8 23. Rhe1 Kc6 24. f4 N5g6 25. Nh5 Rf8 26. g4 Nc8 27.
Re4 Nb6 28. f5 Ne5 29. Nxg7 Rac8 30. Ne6 Rh8 31. a4 Rb8 32. g5 a5 33. Red4 Nc8
34. f6 Kd7 35. h4 Nc6 36. R4d3 Ne5 37. Rc3 Nc6 38. h5 Nb6 39. g6 hxg6 40. hxg6
Nxa4 41. Re3 Nxb2 42. Kxb2 a4 43. g7 axb3 44. f7 bxc2 45. f8=N+ Kc8 {
Hossa resigns} 1-0

[Event "ICS Rated standard match"]
[Site "204.178.125.65"]
[Date "2001.07.21"]
[Round "?"]
[White "Hossa"]
[Black "Tiger14"]
[Result "1-0"]
[WhiteElo "2328"]
[BlackElo "2342"]
[PlyCount "133"]
[EventDate "2001.??.??"]

1. e4 c5 2. Nc3 Nc6 3. Nf3 e6 4. d4 cxd4 5. Nxd4 a6 6. Nxc6 bxc6 7. Bd3 d5 8.
O-O Bd6 9. Re1 Be5 10. exd5 Bxc3 11. bxc3 cxd5 12. Qg4 Kf8 13. Ba3+ Ne7 14. c4
Ra7 15. cxd5 Qxd5 16. Rad1 Qa5 17. Bxh7 g6 18. Bxg6 fxg6 19. Qd4 Rg8 20. Qxa7
Qxa3 21. Qc7 Qb4 22. Re3 Kg7 23. c3 Qb7 24. Qxb7 Bxb7 25. Rd7 Bd5 26. Rxe7+ Kf6
27. Rc7 Bxa2 28. Rc6 Rb8 29. h4 Bd5 30. Rxa6 Rb1+ 31. Kh2 Rb2 32. Kg3 Rc2 33.
f3 Bc4 34. Rc6 Bd5 35. Rc7 Rb2 36. c4 Rc2 37. c5 Bc4 38. Re1 Bb5 39. Rb1 Bc4
40. c6 Bd5 41. Rb6 Ke5 42. Rc8 Kd6 43. Rg8 Bxc6 44. Rc8 Kd7 45. Rbxc6 Ra2 46.
R8c7+ Kd8 47. Rh7 Ra5 48. Rd6+ Kc8 49. Rxe6 Rd5 50. Rc6+ Kb8 51. Rxg6 Rd8 52.
Rb6+ Ka8 53. Ra6+ Kb8 54. Raa7 Rg8+ 55. Kf2 Rd8 56. Rhb7+ Kc8 57. Ra8+ Kxb7 58.
Rxd8 Ka6 59. Rb8 Ka5 60. Ke3 Ka6 61. Kd4 Ka5 62. Kc5 Ka4 63. Rb7 Ka3 64. Kc4
Ka2 65. Kc3 Ka1 66. Kc2 Ka2 67. Ra7# {Tiger14 checkmated} 1-0

[Event "ICS rated blitz match"]
[Site "204.178.125.65"]
[Date "2001.07.21"]
[Round "?"]
[White "Malukulu"]
[Black "Hossa"]
[Result "1-0"]
[WhiteElo "2798"]
[BlackElo "2567"]
[PlyCount "150"]
[EventDate "2001.??.??"]

1. Nf3 c5 2. c4 Nf6 3. g3 e6 4. Bg2 Be7 5. O-O O-O 6. d4 cxd4 7. Nxd4 d6 8. Nc3
a6 9. b3 Qc7 10. Bb2 Bd7 11. e3 Nc6 12. Nc2 Ne5 13. f4 Ng6 14. Qd3 Rab8 15. Nd4
Qc5 16. Rfe1 Rfe8 17. Na4 Bxa4 18. bxa4 Nd7 19. Qb3 Qc7 20. Rab1 Nc5 21. Qc2
Bf6 22. Red1 Nf8 23. Bc3 Nfd7 24. Bb4 Rbc8 25. a5 Ra8 26. Qd2 Red8 27. Kf2 Rac8
28. Qc2 Rf8 29. Kg1 Rfe8 30. Qd2 Red8 31. Ba3 Rb8 32. Bf3 Be7 33. Bb4 Nf6 34.
Qg2 Re8 35. Qc2 Nfd7 36. Bc3 Rbc8 37. Qg2 Rcd8 38. h3 Bf6 39. Qc2 e5 40. Nf5
exf4 41. exf4 Bxc3 42. Qxc3 Nf6 43. Re1 Kh8 44. Qd2 Nce4 45. Bxe4 Rxe4 46. Rxe4
Nxe4 47. Qd4 Nf6 48. Qb6 Qd7 49. g4 d5 50. c5 Ne4 51. Qxb7 Nxc5 52. Qxd7 Nxd7
53. Rb7 Kg8 54. Rc7 Kf8 55. Nd4 Nb8 56. Kf2 Re8 57. Rc5 Rd8 58. Ke3 Ke8 59. Nc2
Rd6 60. Nb4 d4+ 61. Ke4 Kd7 62. Rd5 Rxd5 63. Kxd5 Kc7 64. a4 h6 65. h4 Kb7 66.
Nd3 Kc7 67. Nc5 d3 68. Nxd3 Nd7 69. Nc5 Nxc5 70. Kxc5 g6 71. f5 g5 72. hxg5
hxg5 73. f6 Kd7 74. Kb6 Kd6 75. Kxa6 Kc6 {Hossa resigns} 1-0

[Event "ICS rated standard match"]
[Site "204.178.125.65"]
[Date "2001.07.21"]
[Round "?"]
[White "Hossa"]
[Black "AvernoX"]
[Result "1-0"]
[WhiteElo "2344"]
[BlackElo "2111"]
[PlyCount "120"]
[EventDate "2001.??.??"]

1. e4 b6 2. d4 Bb7 3. Bd3 e6 4. Nf3 c5 5. O-O cxd4 6. Nxd4 a6 7. Nc3 Be7 8. Be3
d6 9. Qg4 Kf8 10. Rfd1 Nf6 11. Qf3 Nbd7 12. Bg5 Qc7 13. Rac1 Kg8 14. Qg3 Ne5
15. Rd2 Nxd3 16. cxd3 Rc8 17. Rdc2 Qd7 18. Bh6 Ne8 19. Qg4 Rc7 20. b3 Kf8 21.
Bg5 Nf6 22. Qg3 Qd8 23. Nf3 Rg8 24. Nd2 b5 25. b4 Qc8 26. d4 h6 27. Bxf6 gxf6
28. Qd3 Qd7 29. d5 Rg7 30. Nf1 Qe8 31. Qh3 f5 32. exf5 Bg5 33. Ne4 Rxc2 34.
Rxc2 Qe7 35. fxe6 fxe6 36. dxe6 Kg8 37. Qf5 Kh8 38. Nfg3 Qd8 39. f4 Be7 40. Qh5
Qb6+ 41. Rf2 Bxe4 42. Nxe4 Qd4 43. Qxh6+ Kg8 44. Nd2 Bf6 45. g3 Bd8 46. Kg2
Qxb4 47. Qh5 Be7 48. Qd5 Kh8 49. Qa8+ Rg8 50. Qxa6 Qc5 51. Qb7 Rg7 52. f5 Qe5
53. Qf3 Bf6 54. Ne4 Kh7 55. Qh5+ Kg8 56. Nxf6+ Qxf6 57. Rc2 Qd8 58. f6 Qxf6 59.
Rc8+ Qf8 60. Rxf8+ Kxf8 {AvernoX resigns} 1-0

[Event "ICS rated blitz match"]
[Site "204.178.125.65"]
[Date "2001.07.21"]
[Round "?"]
[White "Goteborg"]
[Black "Hossa"]
[Result "1-0"]
[WhiteElo "2609"]
[BlackElo "2560"]
[PlyCount "78"]
[EventDate "2001.??.??"]

1. e4 e6 2. d4 d5 3. Nd2 Nf6 4. e5 Nfd7 5. Bd3 c5 6. c3 Nc6 7. Ne2 a5 8. O-O
cxd4 9. cxd4 Nb6 10. a3 f6 11. exf6 gxf6 12. Nf4 Nxd4 13. Qh5+ Kd7 14. Ng6 Rg8
15. Qxh7+ Rg7 16. Qh8 Rf7 17. Qg8 Qe8 18. Nxf8+ Qxf8 19. Qg4 Nc6 20. Qe2 Rg7
21. Nb3 Qh8 22. Be3 Qh3 23. f3 Kc7 24. Nd4 Nd7 25. Bf4+ e5 26. Nf5 Rg8 27. Bg3
Qh5 28. Rac1 Rg5 29. Qc2 Kb8 30. Nd4 Rxg3 31. Nxc6+ bxc6 32. Qxc6 Ka7 33. Qxd5
Nb6 34. Qxa5+ Kb8 35. Qxb6+ Bb7 36. Qc7+ Ka7 37. Rc6 Rxg2+ 38. Kxg2 Rg8+ 39.
Kh1 Qxh2+ {Hossa resigns} 1-0

[Event "ICS rated blitz match"]
[Site "204.178.125.65"]
[Date "2001.07.21"]
[Round "?"]
[White "Hossa"]
[Black "Goteborg"]
[Result "0-1"]
[WhiteElo "2546"]
[BlackElo "2623"]
[PlyCount "105"]
[EventDate "2001.??.??"]

1. d4 Nf6 2. c4 c5 3. d5 e6 4. Nf3 exd5 5. cxd5 g6 6. Nc3 Bg7 7. d6 O-O 8. e3
Qb6 9. Ng5 h6 10. Nf3 Ne8 11. Nd5 Qxd6 12. Bc4 Nc6 13. e4 Nf6 14. O-O Nxd5 15.
Bxd5 Qf6 16. Re1 Re8 17. Bd2 Qxb2 18. Rb1 Qf6 19. Qc1 g5 20. Qc4 d6 21. Qa4 g4
22. Re3 gxf3 23. Rxf3 Qe7 24. Rxf7 Qxf7 25. Bxf7+ Kxf7 26. Qc4+ Re6 27. Bf4 Ke7
28. Rd1 Nd4 29. Qd3 Bd7 30. Rb1 b5 31. f3 Rg6 32. Rf1 Be5 33. Bc1 Rag8 34. Rf2
Ne6 35. Be3 Nf4 36. Bxf4 Bxf4 37. g3 c4 38. Qd4 a5 39. Kf1 Be5 40. Qa7 a4 41.
f4 Bg7 42. Ke2 Rc8 43. Rf1 Re6 44. Kf3 c3 45. f5 Re5 46. g4 c2 47. Rc1 Rc3+ 48.
Kf4 Bf6 49. h4 Bxh4 50. g5 Bxg5+ 51. Kg4 Rxe4+ 52. Kh5 Kf6 53. Rh1 {
Hossa resigns} 0-1

[Event "ICS rated blitz match"]
[Site "204.178.125.65"]
[Date "2001.07.21"]
[Round "?"]
[White "bronstein22"]
[Black "Hossa"]
[Result "0-1"]
[WhiteElo "2289"]
[BlackElo "2533"]
[PlyCount "47"]
[EventDate "2001.??.??"]

1. e4 c6 2. d4 d5 3. exd5 cxd5 4. Nf3 Nc6 5. Bd3 Bg4 6. c3 Nf6 7. O-O e6 8. Bg5
Bd6 9. Nbd2 Qd7 10. Re1 O-O-O 11. b4 h6 12. Bh4 g5 13. Bg3 Bxg3 14. hxg3 Qc7
15. b5 Na5 16. c4 dxc4 17. Nxc4 Nxc4 18. Bxc4 Kb8 19. Be2 Bxf3 20. Bxf3 Qc4 21.
Rc1 Qxd4 22. Qb3 g4 23. Red1 Qe5 24. Be2 {bronstein22 resigns} 0-1

[Event "ICS rated blitz match"]
[Site "204.178.125.65"]
[Date "2001.07.21"]
[Round "?"]
[White "Hossa"]
[Black "bronstein22"]
[Result "1-0"]
[WhiteElo "2539"]
[BlackElo "2283"]
[PlyCount "27"]
[EventDate "2001.??.??"]

1. e4 d5 2. exd5 Qxd5 3. Nc3 Qa5 4. d4 c6 5. Nf3 Nf6 6. Bc4 Bg4 7. O-O e6 8. h3
Bxf3 9. Qxf3 Be7 10. Qg3 O-O 11. Bh6 Nh5 12. Qg4 Kh8 13. Bd2 Nf6 14. Qf4 {
bronstein22 resigns} 1-0

[Event "ICS rated blitz match"]
[Site "204.178.125.65"]
[Date "2001.07.21"]
[Round "?"]
[White "Roza"]
[Black "Hossa"]
[Result "0-1"]
[WhiteElo "2443"]
[BlackElo "2545"]
[PlyCount "110"]
[EventDate "2001.??.??"]

1. d4 Nf6 2. Nf3 e6 3. g3 b6 4. Bg2 Bb7 5. O-O c5 6. c4 cxd4 7. Nxd4 Bxg2 8.
Kxg2 Qc8 9. Qd3 Nc6 10. b3 Nxd4 11. Qxd4 Bc5 12. Qd3 O-O 13. Nc3 Qc6+ 14. e4
Ng4 15. f3 Ne5 16. Qe2 d6 17. Rd1 Bb4 18. Bb2 f5 19. f4 Ng4 20. Nb5 Qxe4+ 21.
Qxe4 fxe4 22. Bd4 e5 23. fxe5 dxe5 24. Bg1 e3 25. a3 e2 26. axb4 exd1=Q 27.
Rxd1 Rf7 28. Ra1 Rb7 29. Ra6 g6 30. Kf3 Nf6 31. Be3 Kg7 32. Bg5 h6 33. Be3 e4+
34. Ke2 g5 35. Ra4 Kg6 36. Ra2 a6 37. Nd6 Rbb8 38. Ra3 a5 39. b5 Rd8 40. Nb7
Rd7 41. Bxb6 Rxb7 42. Bxa5 Rba7 43. b4 Rb7 44. Ra2 Ng4 45. Rd2 Ne5 46. Rd4 Rc8
47. c5 Rxb5 48. Rxe4 Kf5 49. Rd4 Nc6 50. Rd5+ Ke4 51. Rd6 Nxa5 52. bxa5 Rb2+
53. Kf1 Rxc5 54. Re6+ Kf3 55. Rf6+ Kg4 {Roza resigns} 0-1

[Event "ICS rated blitz match"]
[Site "204.178.125.65"]
[Date "2001.07.21"]
[Round "?"]
[White "Hossa"]
[Black "Roza"]
[Result "1-0"]
[WhiteElo "2554"]
[BlackElo "2425"]
[PlyCount "77"]
[EventDate "2001.??.??"]

1. d4 d5 2. Bg5 c6 3. Nd2 Bf5 4. e3 Qb6 5. Nb3 Nd7 6. Nf3 e6 7. Bd3 Ne7 8. O-O
Bg4 9. Rb1 Nc8 10. h3 Bh5 11. e4 dxe4 12. Bxe4 Nd6 13. Bd3 a5 14. c4 Qc7 15.
Bf4 Qd8 16. Nbd2 Be7 17. Qc2 Bg6 18. Bxg6 hxg6 19. Rfd1 Nf5 20. Ne4 O-O 21. d5
exd5 22. cxd5 cxd5 23. Rxd5 Qe8 24. Bc7 Rc8 25. Re1 Nb6 26. Rd3 Na8 27. Rc3 Qd7
28. Bxa5 b6 29. Rxc8 Rxc8 30. Bc3 b5 31. Qd1 Qb7 32. Nfg5 b4 33. Qb3 Bf8 34. a3
Nb6 35. axb4 Nd5 36. b5 Rb8 37. Rd1 Nxc3 38. bxc3 Qxb5 39. Nf6+ {Roza resigns}
1-0

[Event "ICS rated blitz match"]
[Site "204.178.125.65"]
[Date "2001.07.21"]
[Round "?"]
[White "Hossa"]
[Black "Goteborg"]
[Result "0-1"]
[WhiteElo "2562"]
[BlackElo "2652"]
[PlyCount "101"]
[EventDate "2001.??.??"]

1. e4 e5 2. Nf3 d5 3. Nxe5 Qe7 4. d4 f6 5. Nc3 fxe5 6. Nxd5 Qf7 7. dxe5 Be6 8.
Bg5 Nc6 9. f4 h6 10. Bh4 Nb4 11. Bc4 Bxd5 12. exd5 Be7 13. Bg3 c6 14. O-O cxd5
15. Bb5+ Nc6 16. Bf2 a6 17. Be2 Bb4 18. c3 Be7 19. Be3 h5 20. Bf3 O-O-O 21. Bb6
Rd7 22. Re1 Qxf4 23. Bxd5 Bd8 24. Bc5 Qf5 25. Bd6 Bb6+ 26. Kh1 Nge7 27. Bxc6
Nxc6 28. Qb3 Bc7 29. Rf1 Qg6 30. Bxc7 Rxc7 31. e6 Nd8 32. Qb6 Qxe6 33. Qa7 Re7
34. Rfd1 Rhe8 35. a4 Qc4 36. Qb6 Re2 37. Qd6 Qxa4 38. b4 Qc6 39. Qg3 g6 40. b5
Qxb5 41. Qxg6 Rf8 42. Qd6 Qc6 43. Qg3 Rff2 44. Rg1 Qe4 45. Ra5 h4 46. Qd6 h3
47. Qc5+ Nc6 48. Qxf2 Rxf2 49. Rg5 a5 50. Rg8+ Kc7 51. Rg7+ {Hossa resigns} 0-1

[Event "ICS rated blitz match"]
[Site "204.178.125.65"]
[Date "2001.07.21"]
[Round "?"]
[White "Saru"]
[Black "Hossa"]
[Result "0-1"]
[WhiteElo "2097"]
[BlackElo "2550"]
[PlyCount "64"]
[EventDate "2001.??.??"]

1. d4 d5 2. Nf3 Nc6 3. Bf4 Nf6 4. h3 e6 5. e3 Bd6 6. Bd3 Bxf4 7. exf4 Bd7 8.
Nbd2 Qe7 9. c3 O-O-O 10. Ne5 h6 11. a4 Kb8 12. a5 g5 13. Nxd7+ Rxd7 14. a6 b6
15. Bb5 Rd6 16. Qf3 Na5 17. O-O gxf4 18. Qxf4 h5 19. b4 Nc6 20. Nb3 Ne4 21. Qe3
f5 22. Nc5 e5 23. Bxc6 bxc5 24. bxc5 Rxc6 25. Rfb1+ Kc8 26. Rb7 Rxa6 27. Rxa6
Kxb7 28. Qd3 c6 29. Ra3 Kc8 30. f3 Ng3 31. dxe5 Qxc5+ 32. Kh2 Qxa3 {
Saru resigns} 0-1

[Event "ICS rated blitz match"]
[Site "204.178.125.65"]
[Date "2001.07.21"]
[Round "?"]
[White "Malukulu"]
[Black "Hossa"]
[Result "1-0"]
[WhiteElo "2844"]
[BlackElo "2552"]
[PlyCount "60"]
[EventDate "2001.??.??"]

1. e4 e5 2. Nf3 d5 3. Nxe5 Qe7 4. d4 f6 5. Ng4 Nc6 6. Ne3 Qxe4 7. c3 Bf5 8. Be2
Nge7 9. O-O O-O-O 10. Re1 Qe6 11. b4 Qd7 12. a4 Re8 13. Bf3 Be6 14. a5 Nb8 15.
Nd2 Bf7 16. Nb3 g6 17. Nc5 Qd8 18. c4 c6 19. cxd5 Nxd5 20. Nxd5 Bxd5 21. Rxe8
Qxe8 22. Bxd5 cxd5 23. Bf4 Nc6 24. b5 Nb4 25. Rc1 Qxb5 26. Qe1 Qc6 27. Na6 Kd8
28. Rxc6 Nxc6 29. Qe6 Be7 30. Qxd5+ Kc8 {Hossa resigns} 1-0

[Event "ICS rated blitz match"]
[Site "204.178.125.65"]
[Date "2001.07.21"]
[Round "?"]
[White "Hossa"]
[Black "Dundalk"]
[Result "1-0"]
[WhiteElo "2547"]
[BlackElo "2040"]
[PlyCount "107"]
[EventDate "2001.??.??"]

1. d4 d5 2. Bg5 Nf6 3. Nc3 e6 4. e4 dxe4 5. Nxe4 Be7 6. Nxf6+ Bxf6 7. Bxf6 Qxf6
8. c3 O-O 9. Qf3 Qxf3 10. Nxf3 Nc6 11. Kd2 Rd8 12. Ke3 e5 13. Nxe5 Nxe5 14.
dxe5 Bf5 15. Be2 Rd7 16. Bf3 Rad8 17. Rhd1 Rxd1 18. Rxd1 Rxd1 19. Bxd1 Kf8 20.
f4 Ke7 21. g4 Bd7 22. Bf3 Bc6 23. Bxc6 bxc6 24. Kd4 Kd7 25. Kc5 f6 26. g5 fxe5
27. fxe5 Ke6 28. Kxc6 Kxe5 29. Kxc7 Kf5 30. c4 Kxg5 31. Kb7 Kf5 32. c5 g5 33.
Kxa7 h5 34. c6 g4 35. c7 h4 36. c8=Q+ Kf4 37. Qc7+ Ke3 38. Qc3+ Kf2 39. Qd4+
Kf3 40. a4 g3 41. hxg3 hxg3 42. Qd3+ Kg2 43. Qxg3+ Kxg3 44. b4 Kg4 45. a5 Kf5
46. b5 Ke5 47. a6 Kd6 48. b6 Kc6 49. b7 Kc7 50. b8=Q+ Kc6 51. Qe5 Kd7 52. Kb7
Kd8 53. Kc6 Kc8 54. Qe8# {Dundalk checkmated} 1-0